| 000 | 02564nam a2200277 a 4500 | ||
|---|---|---|---|
| 001 | 000046527 | ||
| 003 | DO-SdBNP | ||
| 005 | 20230216074754.0 | ||
| 007 | ta | ||
| 008 | 150824s1999 dr 000 0 spa d | ||
| 020 | _a9993433004 | ||
| 040 |
_aDO-SdBNP _bspa _cBNPHU |
||
| 082 |
_a371.3 _bC117P _222 |
||
| 100 | 1 |
_aCabrera, Onavis Carmelo _917548 |
|
| 245 | 1 | 0 |
_aPaulo Freire : _bsu vida, convicciones políticas y el paradigma de la de la impugnación / _cOnavis Carmelo Cabrera. |
| 260 |
_aSanto Domingo : _bMediabyte, _c1999. |
||
| 300 |
_a221 ; _c21 cm. |
||
| 500 | _aIncluye datos biográficos del autor en las solapas | ||
| 504 | _aBibliografía : p. 217-221 | ||
| 505 | 0 |
_aVida, compromiso social y convicciones políticas -- _tPensamiento socio-educativo en sus principales obras -- _tLa educación como práctica de la libertad -- _tPedagogía del oprimido -- _t¿Extensión o comunicación? -- _tAcción cultural para la libertad -- _tPedagogía de la esperanza -- _tEducación y política -- _tCartas a Cristina -- _tReflexiones sobre mi vida y mi trabajo -- _tLa educación en la ciudad -- _tPedagogía y autonomía: saberes necesarios para la práctica educativa -- _tCartas a quien pretende enseñar -- _tPedagogía de la impugnación como paradigma educativo -- _tConcepto de paradigma crítico -- _tEpistemología educativa -- _tSu teoría de los fines -- _tSu teoría de los valores -- _tSu teoría educativa -- _tEl analfabetismo -- _tAlfabetaización -- _tEducación básica de jóvenes y adultos -- _tEducación popular -- _tInvestigación participativa -- _tFundamentos de la teoría educativa -- _tTeoría sobre antropología educativa -- _tTeoría sobre la enseñanza -- _tTeoría sobre la metodología y la concientización -- _tLa teoría sobre la escuela -- _tLa dimensión política de la propuesta freiriana -- _tLa utopía educativa en la propuesta freiriana -- _tCompromiso social en el pensamiento freiriano -- _tCompromiso social con los sectores populares -- _tCompromiso con la lucha del movimiento sindical magisterial -- _tOpcion politica en el pensamiento freiriano -- _tCrítica al capitalismo salvaje -- _tCrítica a la modernidad instrumental -- _tCrítica de la izquierda ortodoxa -- _tDesafio de los sectores progresistas -- _tReorientación del proyecto escolar -- _tReconstruir el proyecto socialista -- _tConstruir el proyecto de posmodernidad progresista -- |
|
| 590 | _aInventariado, 2023 / DG | ||
| 650 | 4 |
_aFreire, Paul _xPensamiento filosófico _y1921-1997 _983128 |
|
| 650 | 4 |
_aMétodos de enseñanza _92196 |
|
| 910 | _aDG | ||
| 942 |
_2ddc _cLBS1 |
||
| 999 |
_c46016 _d46016 |
||